Percy Jackson / Heroes of Olympus - Statistics

General Stats
  • This quiz has been taken 124 times
  • The average score is 35 of 43
Answer Stats
Hint Answer % Correct
main character's gf annabeth
100%
satyr friend grover
100%
main character percy
100%
hosted Kronos luke
99%
main's mother sally
98%
cyclops tyson
98%
son of jupiter jason
97%
has a brother obsessed with Mythomagic bianca
96%
centaur chiron
96%
son of hephaestus leo
96%
daughter of aprodite piper
96%
Artemis's first leutenant zoe
96%
daughter of pluto hazel
95%
Main's 2nd stepdad paul
95%
Artemis's current leutenant thalia
94%
troublemaker brothers connor
93%
troublemaker brothers travis
93%
shapeshifter frank
92%
Main's first stepfather gabe
91%
EMO nico
91%
was a spy to Kronos silena
91%
sacrifices himself to destroy the Princess Andromida charles
88%
ex-praetor reyna
88%
clarisse's love interest chris
87%
Grover's girlfriend juniper
87%
tries to give main a swirly clarisse
86%
hellhound mrs. o'leary
84%
killer of teddy bears octavian
84%
queen of the amazons hylla
75%
one eye ethan
73%
Castor's brother pollux
71%
Hades's last love interest maria
70%
yew michael
70%
evil primodial godess gaea
69%
gardener katie
68%
fletcher lee
65%
legionnaire addicted to Kool Aid Dakota
62%
Luke's mother may
61%
Bully in 'The Lightning Theif' nancy
60%
Mason jake
48%
son of athena malcom
40%
uses a broom as a weapon bob / ipaeatus
39%
one of the original hunters of Artemis pheobe
14%
No matching quizzes found
Score Distribution
Percent of People with Each Score
Percentile by Number Answered
Your Score History
You have not taken this quiz